Games that were PORTED to the Nintendo Switch - Statistics

General Stats
  • This quiz has been taken 58 times
    54 since last reset
  • The average score is 13 of 33
Answer Stats
Franchise Game % Correct
Mario Kart Mario Kart 8
89%
Bayonetta Bayonetta 2
74%
Pikmin Pikmin 3
74%
Captain Toad Captain Toad: Treasure Tracker
69%
Donkey Kong Country Donkey Kong Country: Tropical Freeze
69%
The Legend of Zelda The Legend of Zelda: Breath of the Wild
63%
The Legend of Zelda The Legend of Zelda: Skyward Sword
63%
Xenoblade Xenoblade Chronicles
63%
Super Mario Super Mario 3D World
57%
Super Mario Super Mario 64
57%
Super Mario Super Mario Galaxy
57%
Super Mario Super Mario Sunshine
57%
Super Mario New Super Mario Bros. U
51%
Super Monkey Ball Super Monkey Ball: Banana Blitz
43%
Lego Lego City: Undercover
40%
The Wonderful 101 The Wonderful 101
40%
Turok Turok: Dinosaur Hunter
37%
Doom Doom 64
34%
Go Vacation Go Vacation
34%
Turok Turok 2: Seeds of Evil
34%
Mega Man Mega Man 10
29%
Mega Man Mega Man 9
29%
Bit Trip Bit Trip Games
26%
De Blob De Blob
26%
The Legend of Zelda Hyrule Warriors
26%
Pokemon Pokken Tournament
26%
Pokemon Pokemon: Brilliant Diamond
23%
Pokemon Pokemon: Shining Pearl
20%
Tokyo Mirage Sessions Tokyo Mirage Sessions #FE
20%
Star Wars Star Wars Episode 1: Racer
11%
Fatal Frame Fatal Frame: Maiden of Black Water
6%
Final Fantasy Final Fantasy Fables: Chocobo's Dragon
0%
Pinball The Pinball Arcade
0%
No matching quizzes found
Score Distribution
Percent of People with Each Score
Percentile by Number Answered
Your Score History
You have not taken this quiz since the last reset